UBT Library

Warfare and welfare : (Record no. 39413)

000 -LEADER
fixed length control field 00681pam a2200229 a 4500
001 - CONTROL NUMBER
control field 1004507
005 - DATE AND TIME OF LATEST TRANSACTION
control field 20171226075532.0
008 - FIXED-LENGTH DATA ELEMENTS--GENERAL INFORMATION
fixed length control field 870402s1987 enk b 001 0 eng
010 ## - LIBRARY OF CONGRESS CONTROL NUMBER
LC control number 87009625
020 ## - INTERNATIONAL STANDARD BOOK NUMBER
International Standard Book Number 0312009577 (St. Martin's) :
Terms of availability $25.00 (est.)
020 ## - INTERNATIONAL STANDARD BOOK NUMBER
Cancelled/invalid ISBN 0745003257
040 ## - CATALOGING SOURCE
Original cataloging agency DLC
Transcribing agency DLC
Modifying agency DLC
041 ## - LANGUAGE CODE
Language code of text/sound track or separate title eng
080 ## - UNIVERSAL DECIMAL CLASSIFICATION NUMBER
Universal Decimal Classification number 361.61 TIN
082 00 - DEWEY DECIMAL CLASSIFICATION NUMBER
Classification number 361.61 TIN
Edition number 19
100 1# - Rafti
Rafti 17
101 ## - Shkurtesa
Shkurtesa HIS
245 10 - TITLE STATEMENT
Title Warfare and welfare :
Statement of responsibility, etc Jan Tinbergen, Dietrich Fischer.
504 ## - BIBLIOGRAPHY, ETC. NOTE
Bibliography, etc Includes bibliographies and index.
906 ## - LOCAL DATA ELEMENT F, LDF (RLIN)
a 7
b cbc
c orignew
d 1
e ocip
f 19
g y-gencatlg
942 ## - ADDED ENTRY ELEMENTS (KOHA)
Source of classification or shelving scheme
Item type Books

No items available.

UBT Library © 2015-2024. All rights reserved University Education for Business and Technology